1224 1135 1818 1039 1016 1464 1997 1892 1544 1310 1935 1805 1413 1802 1449 1943 1924 1601 1323 1911 1782 1740 1890 1556 1991 1580 1843 1083 1618 1740 1461 1739 1760 1127 1979 1422 1412 1538 1794 1736 1961 1708 1701 1058 1677 1384 1479 1523 1462 1321 1688 1200 1906 1403 1833 1483 1454 1596 1983 1472 1453 1797 1980 1170 1971 1882 1235 1760 1822 1841 1301 1449 1515 1910 1700 1157 1238 1084 1274 1659 1747 1905 1624 1124 1827 1101 1289 1883 1595 1302 1174 1447 1414 1631 1787 1934 1832 1517 1503 BCNSPRNW ULIB Ver.6.0+V

เปลี่ยนเป็นภาษาไทย

Change to English
 แสดงรายละเอียดบรรณานุกรม
  กลับหน้าหลัก

Brief Record : Get Marc (ISO 2709) : E-mail record : QR code < ปิดหน้าต่าง
LEADER : 00000nam 2200000uu 4500
001    13399121486
003     ULIB
008    121121s2550||||th 000 0 tha d
020    ^a974838098X
020    ^a9789748380988
060 00 ^aW20^bส691
245 00 ^aรายงานประจำปี ... :^bสถาบันพระบรมราชชนก กระทรวงสาธารณสุข = Annual report ... : Praboromarajchanok Institute for Health Warkforce Development Ministry of Public Health /^cสถาบันพระบรมราชชนก กระทรวงสาธารณสุข ; [วิเคราะห์/เรียบเรียง อัฏฐพร หิรัญพฤกษ์ ... และคนอื่น ๆ]
246 3  ^aAnnual report ... : Praboromarajchanok Institute for Health Warkforce Development Ministry of Public Health
260    ^aนนทบุรี :^bสถาบันพระบรมราชชนก กระทรวงสาธารณสุข,^c2549-
300    ^aล. :^bภาพประกอบ (ภาพสีบางภาพ)
500    ^aห้องสมุดมี: ปี 2549, 2551
610 07 ^aสถาบันพระบรมราชชนก^xรายงานประจำปี
700 0  ^aอัฏฐพร หิรัญพฤกษ์
710 2  ^aกระทรวงสาธารณสุข^bสถาบันพระบรมราชชนก
945    ^p0^l0^i14412
945    ^p0^l0^i14413
945    ^p0^l0^i14414
945    ^p0^l0^i14415
945    ^p0^l0^i14416
995    ^aวิภา
999    ^aวิภา
รายการนี้ยังไม่มีแท็ก
คุณยังไม่ได้ล็อกอิน คุณสามารถมีกิจกรรมร่วมกับเว็บไซต์ได้ แต่ต้องล็อกอินก่อน ::
  ล็อกอิน

รายการสื่อสารสนเทศ

ลำดับที่ ประเภท เลขเรียก/บาร์โค้ด สถานที่ สถานะ
1. วิทยาศาสตร์การแพทย์ และสุขภาพ
วิทยาศาสตร์การแพทย์ และสุขภาพ
W20 ส691  
  Barcode: 14412
ห้องสมุดวิทยาเขตสวรรค์ประชารักษ์
►หนังสือทั่วไป
บนชั้น
2. วิทยาศาสตร์การแพทย์ และสุขภาพ
วิทยาศาสตร์การแพทย์ และสุขภาพ
W20 ส691 ฉ.2 
  Barcode: 14413
ห้องสมุดวิทยาเขตสวรรค์ประชารักษ์
►หนังสือทั่วไป
บนชั้น
3. วิทยาศาสตร์การแพทย์ และสุขภาพ
วิทยาศาสตร์การแพทย์ และสุขภาพ
W20 ส691 ฉ.3 
  Barcode: 14414
ห้องสมุดวิทยาเขตสวรรค์ประชารักษ์
►หนังสือทั่วไป
บนชั้น
4. วิทยาศาสตร์การแพทย์ และสุขภาพ
วิทยาศาสตร์การแพทย์ และสุขภาพ
W20 ส691 ฉ.4 
  Barcode: 14415
ห้องสมุดวิทยาเขตสวรรค์ประชารักษ์
►หนังสือทั่วไป
บนชั้น
5. วิทยาศาสตร์การแพทย์ และสุขภาพ
วิทยาศาสตร์การแพทย์ และสุขภาพ
W20 ส691 ฉ.5 
  Barcode: 14416
ห้องสมุดวิทยาเขตสวรรค์ประชารักษ์
►หนังสือทั่วไป
บนชั้น

BibComment


ยังไม่เคยถูกคอมเมนท์

คอมเมนท์ทรัพยากรรายการนี้
  คอมเมนท์: รายงานประจำปี ..


 Copyright 2026. Bcnsprnw @Library